000 00306nam a2200133Ia 4500
005 20260328104344.0
008 260328s9999||||xx |||||||||||||| ||und||
100 _aMinguet, Eva
245 0 _aOff Grid House Plans /
_cEva Minguet
260 _bMonsa
300 _a141 p.
650 _aBOCETOS
942 _cBK
999 _c12228
_d12228